| 000 | 00451nam a2200169 i 4500 | ||
|---|---|---|---|
| 001 | 112877 | ||
| 003 | ES-MaACL | ||
| 005 | 20230906185703.0 | ||
| 007 | t| | ||
| 008 | 061121s1984 sp r ||||1| spa d | ||
| 245 | 0 | 0 | _aNueva Enciclopedia Larousse. |
| 250 | _a2ยช ed. | ||
| 260 |
_aBarcelona [etc.] : _bPlaneta, _c1984. |
||
| 300 |
_a2 t. en 11 v. : _bil. ; _c27 cm. |
||
| 650 |
_aEnciclopedias. _912235 |
||
| 852 |
_aES-MaACL _jL-6848-58 _bR.106809 |
||
| 999 |
_c112877 _d112877 |
||